Starożytny Rzym – prawda czy fałsz? - Statystyki

Ogólne statystyki
  • Ten quiz został rozwiązany 1 715 razy
  • Średni wynik to 11 z 15
Statystyki odpowiedzi
Zagadnienie Odpowiedź % Poprawnych
Rzymianie założyli Moskwę Fałsz
95%
W pewnym momencie Cesarstwo Rzymskie kontrolowało całe wybrzeże Morza Śródziemnego Prawda
93%
Niewolnictwo było powszechną praktyką w starożytnym Rzymie Prawda
93%
Wyścigi rydwanów były popularnym sportem widowiskowym Prawda
90%
Juliusz Cezar podbił większość terenów dzisiejszej Francji Prawda
87%
Rzymianie z wyższych klas woleli wino od piwa Prawda
86%
Starożytni Rzymianie lubili spaghetti z sosem marinara Fałsz
83%
Generalnie w senacie rzymskim zasiadali wyłącznie ludzie bogaci Prawda
83%
Był cesarz znany jako Gluteus Maximus Fałsz
78%
Starożytny Rzym uważany jest za społeczeństwo matriarchalne, a nie patriarchalne Fałsz
77%
Niektóre rzymskie budynki wzniesiono z betonu Prawda
61%
Legion składał się z około 100 żołnierzy Fałsz
60%
W tak zwanych „ciemnych wiekach” populacja Rzymu faktycznie wzrosła Fałsz
60%
Rozwiązłość seksualna kobiet była społecznie akceptowalna, a nawet zachęcana Fałsz
58%
Toga była codziennym ubiorem rzymskich mężczyzn Fałsz
40%
Nie znaleziono quizów pasujących do podanych kryteriów
Rozkład punktacji
Procent ludzi z każdym wynikiem
Percentyl według liczby udzielonych odpowiedzi
Twoja historia wyników
Nie rozwiązałeś tego quizu